| Tag |
First Indicator |
Second Indicator |
Subfields |
| LEADER |
00000cam a2200000Ia 4500 |
| 001 |
in00002003708 |
| 005 |
20220105141446.0 |
| 006 |
m d |
| 007 |
cr cn- |
| 008 |
030909s2003 njua sb 001 0 eng d |
| 020 |
|
|
|a 1410607801 (electronic bk.)
|
| 035 |
|
|
|a (OCoLC)ocm52994795
|
| 040 |
|
|
|a N$T
|c N$T
|d UtOrBLW
|
| 043 |
|
|
|a n-us---
|
| 049 |
|
|
|a IKMN
|
| 050 |
1 |
4 |
|a P94.5.C552
|b U65 2003eb
|
| 082 |
0 |
4 |
|a 305.23
|2 22
|
| 100 |
1 |
|
|a Kundanis, Rose M.,
|d 1947-
|0 http://id.loc.gov/authorities/names/n2002049427
|
| 245 |
1 |
0 |
|a Children, teens, families, and mass media :
|b the millennial generation /
|c Rose M. Kundanis.
|
| 264 |
|
1 |
|a Mahwah, N.J. :
|b L. Erlbaum,
|c 2003.
|
| 300 |
|
|
|a xiv, 184 pages :
|b illustrations
|
| 336 |
|
|
|a text
|b txt
|2 rdacontent
|
| 337 |
|
|
|a computer
|b c
|2 rdamedia
|
| 338 |
|
|
|a online resource
|b cr
|2 rdacarrier
|
| 490 |
1 |
|
|a LEA's communication series
|
| 504 |
|
|
|a Includes bibliographical references and indexes.
|
| 533 |
|
|
|a Electronic reproduction.
|b Boulder, Colo. :
|c NetLibrary,
|d 2003.
|n Available via World Wide Web.
|n Access may be limited to NetLibrary affiliated libraries.
|
| 500 |
|
|
|a Electronic resource.
|
| 650 |
|
0 |
|a Mass media and children
|z United States.
|0 http://id.loc.gov/authorities/subjects/sh2010100842
|
| 650 |
|
0 |
|a Mass media and teenagers
|z United States.
|
| 655 |
|
7 |
|a Electronic books.
|2 local
|
| 710 |
2 |
|
|a NetLibrary, Inc.
|0 http://id.loc.gov/authorities/names/no99080690
|
| 776 |
1 |
|
|c Original
|z 0805845631
|z 080584564X
|w (DLC) 2002044782
|w (OCoLC)51290066
|
| 830 |
|
0 |
|a LEA's communication series.
|0 http://id.loc.gov/authorities/names/n93123409
|
| 856 |
4 |
1 |
|u https://proxy.library.tamu.edu/login?url=http://www.netLibrary.com/urlapi.asp?action=summary&v=1&bookid=90286
|z Connect to the full text of this electronic book
|t 0
|
| 994 |
|
|
|a 92
|b IKM
|
| 999 |
|
|
|a MARS
|
| 999 |
f |
f |
|s 26c27137-da15-355a-b89f-d90e15b80a88
|i c839986d-1178-3393-afaf-b6e43fb9a132
|t 0
|
| 952 |
f |
f |
|a Texas A&M University
|b College Station
|c Electronic Resources
|d Available Online
|t 0
|e P94.5.C552 U65 2003eb
|h Library of Congress classification
|
| 998 |
f |
f |
|a P94.5.C552 U65 2003eb
|t 0
|l Available Online
|